00916cam a2200241 a 4500001001000000003000400010005001700014008004100031040002500072082002000097100004200117245004900159260004500208300003000253590002700283650003600310650004800346910001500394942001300409952012200422952011500544999001500659000010230OSt20201002031104.0820309s1981 pr a 000 p spa  aDO-SdBNPbspacBNPHU aPR861.44bP171a1 aPalma, Marigloria,d1921-1994.92523610aAire habitado :bpoemas /cMarigloria Palma. aSan Juan, Puerot Rico :bMairena,c1981. a73 p. :bil., , ;c22 cm. aInventariado, 2020/ YL 4aPoesía puertorriqueña91015 4aLiteratura puertorriqueñaySIGLO XX95311 aEn proceso 2ddccLF1 00102ddc52708MOaGRbGRcCTd2009-10-05eDonación iLF1l0oPR861.44 P171ap10230-10r2020-06-25w2020-06-25y2 00112ddc50718MOaGRbGRcMId2017-04-11iLF1l0oPR861.44 P171ap10230-20r2020-06-25te. 2w2020-06-25y1 c9989d9989